[Event "17. Open de la Constitución 2015"]
[Site "San Sebastian de los Reyes ES"]
[Date "2015.12.03"]
[Round "4.3"]
[White "Soares, Erikson Roberto Mau"]
[Black "Tarrio Ocana, Jose Manuel"]
[Result "1-0"]
[WhiteElo "2226"]
[BlackElo "1829"]
[PlyCount "61"]
[EventDate "2015.11.30"]
[EventType "swiss"]
[EventRounds "9"]
[EventCountry "ESP"]
[Source "lmi"]
[SourceDate "2015.11.30"]

1. Nf3 Nf6 2. g3 g6 3. Bg2 Bg7 4. O-O O-O 5. c4 d6 6. d4 Nbd7 7. Nc3 e5 8. dxe5
Nxe5 9. Nxe5 dxe5 10. Qxd8 Rxd8 11. Bg5 Re8 12. Nb5 Re7 13. Rfd1 Be6 14. Bxb7
Rb8 15. Bg2 Bxc4 16. Nxa7 Rd7 17. Nc6 Re8 18. a4 Bxe2 19. Re1 Ba6 20. Nb4 Rd6
21. Rec1 e4 22. Rxc7 Nd5 23. Nxa6 Rxa6 24. Rb7 Nb6 25. a5 Nc4 26. Ra4 Nxb2 27.
Rxe4 Raa8 28. Rxe8+ Rxe8 29. Bd5 Re1+ 30. Kg2 h6 31. Be3 1-0

[Event "17. Open de la Constitución 2015"]
[Site "San Sebastian de los Reyes ES"]
[Date "2015.12.03"]
[Round "4.4"]
[White "Lozano Suarez, Luis Miguel"]
[Black "Perez Cameselle, Francisco"]
[Result "1/2-1/2"]
[WhiteElo "2136"]
[BlackElo "1904"]
[PlyCount "140"]
[EventDate "2015.11.30"]
[EventType "swiss"]
[EventRounds "9"]
[EventCountry "ESP"]
[Source "lmi"]
[SourceDate "2015.11.30"]

1. c4 Nf6 2. g3 g6 3. Bg2 Bg7 4. Nc3 d6 5. d3 O-O 6. Rb1 a5 7. e4 e5 8. Nge2
Nc6 9. O-O Be6 10. Nd5 Nd7 11. Be3 Nd4 12. Qd2 Nxe2+ 13. Qxe2 c6 14. Nc3 f5 15.
exf5 Bxf5 16. Rbd1 Qe7 17. Qd2 Nc5 18. Bxc5 dxc5 19. Be4 Rad8 20. Qe3 Qd6 21.
Rfe1 Bg4 22. f3 Bc8 23. b3 Bf6 24. Re2 Kg7 25. h4 h5 26. Rh2 Qd4 27. Qxd4 Rxd4
28. Kf2 Rfd8 29. Ke2 Bf5 30. Rg2 Kh6 31. g4 hxg4 32. fxg4 Bxe4 33. g5+ Kh7 34.
Nxe4 Be7 35. Rf2 Rf8 36. Rxf8 Bxf8 37. Rf1 Kg7 38. Rf6 Be7 39. Rf3 a4 40. bxa4
Rd8 41. Rf1 Ra8 42. Nc3 e4 43. Rb1 exd3+ 44. Kxd3 Ra7 45. Ne4 Kf7 46. a5 Ke6
47. a6 Rxa6 48. Rxb7 Rxa2 49. Rc7 Rh2 50. Rxc6+ Kf7 51. Nxc5 Rxh4 52. Ne4 Rg4
53. Rc7 Ke6 54. Rc6+ Kf7 55. Rc7 Ke6 56. c5 Bxg5 57. Nxg5+ Rxg5 58. Kc4 Rg1 59.
Kb5 Rb1+ 60. Kc6 g5 61. Rg7 Kf6 62. Rg8 Kf5 63. Kd7 g4 64. c6 Rd1+ 65. Kc8 Kf4
66. c7 g3 67. Rg6 Rc1 68. Kd7 Rxc7+ 69. Kxc7 Kf3 70. Kd6 g2 1/2-1/2

[Event "17. Open de la Constitución 2015"]
[Site "San Sebastian de los Reyes ES"]
[Date "2015.12.03"]
[Round "4.6"]
[White "Alvarez Gonzalez, Eduardo"]
[Black "Alfaya Marcelo, Roberto"]
[Result "0-1"]
[WhiteElo "1779"]
[BlackElo "2107"]
[PlyCount "80"]
[EventDate "2015.11.30"]
[EventType "swiss"]
[EventRounds "9"]
[EventCountry "ESP"]
[Source "lmi"]
[SourceDate "2015.11.30"]

1. d4 Nf6 2. Nf3 g6 3. c4 c5 4. Nc3 cxd4 5. Nxd4 Bg7 6. e4 d6 7. Be2 O-O 8. O-O
Nc6 9. Be3 Qa5 10. Rc1 Bd7 11. f3 Rfc8 12. Qd2 a6 13. Rfd1 Rab8 14. a3 Ne5 15.
Nb3 Qd8 16. Nd5 b5 17. cxb5 Rxc1 18. Rxc1 axb5 19. Nb4 Rc8 20. Rxc8 Qxc8 21.
Qc1 Nc4 22. Bd4 Be6 23. Qc3 h5 24. Nd2 Nxd2 25. Qxd2 Bc4 26. Qc3 e5 27. Be3 Qe6
28. Bxc4 bxc4 29. Kf2 Bf8 30. Qd2 Qd7 31. Nd5 Nxd5 32. Qxd5 Qa4 33. Qd2 Qb5 34.
Qc3 Kg7 35. Bd2 Qb6+ 36. Be3 Qb5 37. h3 Kf6 38. Bd2 d5 39. exd5 Qxd5 40. Qe3
Bc5 0-1

[Event "17. Open de la Constitución 2015"]
[Site "San Sebastian de los Reyes ES"]
[Date "2015.12.03"]
[Round "4.7"]
[White "Minguela Munoz, Bienvenido"]
[Black "Lopez de Turiso, Jose Angel"]
[Result "0-1"]
[WhiteElo "1726"]
[BlackElo "2034"]
[PlyCount "76"]
[EventDate "2015.11.30"]
[EventType "swiss"]
[EventRounds "9"]
[EventCountry "ESP"]
[Source "lmi"]
[SourceDate "2015.11.30"]

1. d4 Nf6 2. c4 g6 3. Nc3 Bg7 4. e4 d6 5. Nf3 O-O 6. Be2 Nbd7 7. O-O e5 8. d5
Nc5 9. Nd2 a5 10. Qc2 a4 11. b4 axb3 12. Nxb3 Nxb3 13. Qxb3 Nd7 14. Be3 b6 15.
Rfd1 f5 16. f3 Nf6 17. Rab1 f4 18. Bf2 g5 19. g4 fxg3 20. hxg3 g4 21. Kg2 gxf3+
22. Bxf3 Ng4 23. Bg1 Qf6 24. Rd3 Qh6 25. Nd1 Bd7 26. Nf2 Nxf2 27. Bxf2 Bh3+ 28.
Kg1 Rf7 29. Rb2 Raf8 30. Be1 Qc1 31. Rd1 Qg5 32. Rd3 Bh6 33. Rf2 Qc1 34. Rd1
Qe3 35. Qd3 Rxf3 36. Qc2 Rxg3+ 37. Kh2 Rxf2+ 38. Qxf2 Rg2+ 0-1

[Event "17. Open de la Constitución 2015"]
[Site "San Sebastian de los Reyes ES"]
[Date "2015.12.03"]
[Round "4.8"]
[White "Cabanas Bravo, Juan Andres"]
[Black "Camarero Izquierdo, Juan Carlos"]
[Result "0-1"]
[WhiteElo "2012"]
[BlackElo "1825"]
[PlyCount "94"]
[EventDate "2015.11.30"]
[EventType "swiss"]
[EventRounds "9"]
[EventCountry "ESP"]
[Source "lmi"]
[SourceDate "2015.11.30"]

1. e4 c5 2. Nf3 d6 3. d4 cxd4 4. Nxd4 Nf6 5. Nc3 a6 6. f3 e6 7. Be3 Be7 8. Qd2
O-O 9. g4 b5 10. O-O-O Bb7 11. g5 Nfd7 12. h4 d5 13. Bd3 e5 14. Nf5 d4 15. Nd5
Bxd5 16. exd5 dxe3 17. Qxe3 Bc5 18. Qe4 g6 19. b4 Bd4 20. d6 Nb6 21. Ne7+ Kg7
22. h5 Qxd6 23. hxg6 fxg6 24. Rxh7+ Kxh7 25. Qh4+ Kg7 26. Qh6+ Kf7 27. Nf5 Qxb4
28. Qg7+ Ke8 29. Nxd4 exd4 30. Bxg6+ Kd8 31. Rxd4+ Qxd4 32. Qxd4+ N8d7 33. Be4
Rc8 34. g6 Rc4 35. Qd2 Rxe4 36. fxe4 Rf1+ 37. Qd1 Rxd1+ 38. Kxd1 Ke7 39. Kd2
Kf6 40. Kc3 a5 41. Kd4 Kxg6 42. a4 bxa4 43. c4 a3 44. Kc3 a4 45. e5 Kf5 46. e6
Kxe6 47. Kb4 a2 0-1

[Event "17. Open de la Constitución 2015"]
[Site "San Sebastian de los Reyes ES"]
[Date "2015.12.03"]
[Round "4.9"]
[White "Galan Aguado, Fernando"]
[Black "Marcos Herrero, Francisco"]
[Result "0-1"]
[WhiteElo "1720"]
[BlackElo "1992"]
[PlyCount "72"]
[EventDate "2015.11.30"]
[EventType "swiss"]
[EventRounds "9"]
[EventCountry "ESP"]
[Source "lmi"]
[SourceDate "2015.11.30"]

1. d4 Nf6 2. e3 c5 3. Nf3 g6 4. b3 Bg7 5. Bb2 cxd4 6. exd4 d5 7. Be2 O-O 8. O-O
Nc6 9. Nbd2 Bf5 10. a3 Qc7 11. Rc1 Rfd8 12. b4 Ne4 13. Nb3 Bh6 14. Nbd2 Rac8
15. c4 dxc4 16. Rxc4 Nxd2 17. Nxd2 Qb6 18. Nb3 Be6 19. Rc5 Bg7 20. Bc4 Nxd4 21.
Bxe6 Nxe6 22. Rxc8 Rxc8 23. Bxg7 Kxg7 24. Qa1+ Kg8 25. Rd1 Rc2 26. Rf1 Qc6 27.
Qe5 Qd6 28. Qe4 Rc3 29. Na5 b6 30. Qa8+ Qd8 31. Qxd8+ Nxd8 32. Rd1 Kg7 33. Kf1
Ne6 34. Nb7 Rc8 35. a4 Rb8 36. Rd7 Kf8 0-1

[Event "17. Open de la Constitución 2015"]
[Site "San Sebastian de los Reyes ES"]
[Date "2015.12.03"]
[Round "4.10"]
[White "Sacristan Virseda, Fernando"]
[Black "Anton Quevedo, Andrea"]
[Result "0-1"]
[WhiteElo "1951"]
[BlackElo "1810"]
[PlyCount "111"]
[EventDate "2015.11.30"]
[EventType "swiss"]
[EventRounds "9"]
[EventCountry "ESP"]
[Source "lmi"]
[SourceDate "2015.11.30"]

1. b3 d5 2. Bb2 Nf6 3. e3 Bf5 4. f4 c5 5. Nf3 Nc6 6. Ne5 a6 7. Nxc6 bxc6 8. Be2
e6 9. O-O h6 10. d3 Qb6 11. c4 Rd8 12. Qc1 d4 13. e4 Bg4 14. Qd1 Bxe2 15. Qxe2
Qc7 16. e5 Nd7 17. Nd2 Be7 18. Rf3 g5 19. g3 gxf4 20. gxf4 Nf8 21. Ne4 Ng6 22.
Kh1 Kd7 23. Qd2 Nh4 24. Rh3 Nf5 25. Ba3 Qb6 26. Rg1 Kc7 27. Rf3 Rdg8 28. Rff1
h5 29. Qe2 h4 30. Rxg8 Rxg8 31. Bc1 Qb8 32. Qh5 Qf8 33. Ng5 Bxg5 34. fxg5 Qg7
35. Bf4 Rh8 36. Qe2 Qh7 37. Rg1 h3 38. Rb1 Nh4 39. b4 Ng2 40. Bc1 Rb8 41. a3
cxb4 42. Rxb4 Rxb4 43. axb4 Qf5 44. Bd2 Ne3 45. Be1 Qxg5 46. Qf3 Qf5 47. Qxf5
exf5 48. Kg1 f4 49. Bh4 Nc2 50. Kf2 Nxb4 51. Ke2 c5 52. Be7 Kc6 53. Bd8 f3+ 54.
Kxf3 Nxd3 55. Ke4 Nb2 56. Bh4 0-1

[Event "17. Open de la Constitución 2015"]
[Site "San Sebastian de los Reyes ES"]
[Date "2015.12.03"]
[Round "4.12"]
[White "Villodre Miranda, Juan Alonso"]
[Black "Gueler Berdasco, Martin"]
[Result "0-1"]
[WhiteElo "1660"]
[BlackElo "1901"]
[PlyCount "65"]
[EventDate "2015.11.30"]
[EventType "swiss"]
[EventRounds "9"]
[EventCountry "ESP"]
[Source "lmi"]
[SourceDate "2015.11.30"]

1. c4 g6 2. e4 Bg7 3. g3 d6 4. d3 f5 5. f3 e5 6. Bg2 Nf6 7. Nc3 O-O 8. Nge2 Nc6
9. O-O h6 10. h3 Be6 11. Kh2 Rf7 12. Nd5 Ne7 13. f4 c6 14. Nxe7+ Qxe7 15. exf5
gxf5 16. Rb1 Kh8 17. b3 Rg8 18. Be3 c5 19. Qd2 b6 20. fxe5 dxe5 21. Bxh6 Bxh6
22. Qxh6+ Rh7 23. Qd2 f4 24. Nxf4 exf4 25. Qxf4 Nd7 26. Qe3 Qg7 27. Rf3 Ne5 28.
Rf4 Ng4+ 29. Rxg4 Qxg4 30. Rh1 Rxh3+ 31. Kg1 Qd1+ 32. Kf2 Rf8+ 33. Bf3 0-1

[Event "17. Open de la Constitución 2015"]
[Site "San Sebastian de los Reyes ES"]
[Date "2015.12.03"]
[Round "4.13"]
[White "Hernandez Ramos, Alberto"]
[Black "Gonzalez Berrendero, Carlos"]
[Result "0-1"]
[WhiteElo "1578"]
[BlackElo "1842"]
[PlyCount "52"]
[EventDate "2015.11.30"]
[EventType "swiss"]
[EventRounds "9"]
[EventCountry "ESP"]
[Source "lmi"]
[SourceDate "2015.11.30"]

1. e4 c5 2. Nf3 d6 3. d4 cxd4 4. Nxd4 Nf6 5. Nc3 g6 6. f3 Bg7 7. Be3 O-O 8. Qd2
Nc6 9. O-O-O Bd7 10. Bh6 Bxh6 11. Qxh6 Nxd4 12. Rxd4 Qb6 13. Qd2 Rfc8 14. Bc4
Rc5 15. Bb3 a5 16. Nd5 Nxd5 17. Rxd5 a4 18. Rxc5 axb3 19. cxb3 Qxc5+ 20. Kb1
Qa7 21. a3 Be6 22. Qc3 Rc8 23. Qd3 Qb6 24. b4 Qf2 25. g4 Bc4 26. Qd1 Be2 0-1

[Event "17. Open de la Constitución 2015"]
[Site "San Sebastian de los Reyes ES"]
[Date "2015.12.03"]
[Round "4.14"]
[White "Garcia Minguez, Antonio"]
[Black "Bartolome Martin, Angel"]
[Result "1-0"]
[WhiteElo "1572"]
[BlackElo "1749"]
[PlyCount "91"]
[EventDate "2015.11.30"]
[EventType "swiss"]
[EventRounds "9"]
[EventCountry "ESP"]
[Source "lmi"]
[SourceDate "2015.11.30"]

1. d4 c6 2. Nf3 d5 3. c3 Nf6 4. h3 Bf5 5. Bf4 Qb6 6. b3 Ne4 7. e3 Nd7 8. Bd3 e6
9. O-O Ndf6 10. Nh4 Bg6 11. Nxg6 hxg6 12. c4 dxc4 13. Bxc4 g5 14. Be5 O-O-O 15.
Nd2 Bd6 16. Bxd6 Nxd6 17. Bd3 Rh6 18. Nc4 Qc7 19. Ne5 g4 20. Nxg4 Nxg4 21. Qxg4
f5 22. Qf4 Qe7 23. Qe5 Rg6 24. Rfd1 Nf7 25. Qh2 Ng5 26. Kf1 Ne4 27. Bxe4 fxe4
28. Qe5 Rd5 29. Qxe4 Rf5 30. Rac1 Rfg5 31. g3 Qf8 32. Rc5 Rxg3 33. Rxc6+ bxc6
34. Qxc6+ Kb8 35. Qb5+ Ka8 36. Qc6+ Kb8 37. Qb5+ Kc7 38. Rc1+ Kd8 39. Qb8+ Ke7
40. Rc7+ Kd6 41. Qxf8+ Kxc7 42. fxg3 Rf6+ 43. Qxf6 gxf6 44. Ke2 Kd6 45. Kd3 a5
46. a3 1-0

[Event "17. Open de la Constitución 2015"]
[Site "San Sebastian de los Reyes ES"]
[Date "2015.12.03"]
[Round "4.15"]
[White "Garcia Lopez, Fernando"]
[Black "Lopez Ziegler, Juan Jose"]
[Result "0-1"]
[WhiteElo "1644"]
[BlackElo "1543"]
[PlyCount "130"]
[EventDate "2015.11.30"]
[EventType "swiss"]
[EventRounds "9"]
[EventCountry "ESP"]
[Source "lmi"]
[SourceDate "2015.11.30"]

1. e4 e6 2. d4 d5 3. Nc3 Nf6 4. e5 Nfd7 5. f4 c5 6. Nf3 Nc6 7. Be3 Be7 8. Qd2
a6 9. Be2 b5 10. a3 Qb6 11. O-O f5 12. Nd1 cxd4 13. Nxd4 Bc5 14. Nxe6 Bxe3+ 15.
Qxe3 d4 16. Qf2 Kf7 17. Ng5+ Ke7 18. Nf3 Nc5 19. Qh4+ Kd7 20. Bd3 Kc7 21. Nf2
h6 22. Kh1 Bd7 23. Qh5 Raf8 24. Nh4 Be8 25. Qe2 g5 26. fxg5 hxg5 27. Nxf5 Nxd3
28. Nxd3 Bg6 29. g4 Qb7 30. Kg1 Kb6 31. Qd2 Qh7 32. Rae1 Bxf5 33. gxf5 Rxf5 34.
Rxf5 Qxf5 35. Qf2 Qg4+ 36. Qg3 Qe6 37. Rf1 Rh4 38. Rf6 Qd7 39. e6 Qd5 40. Qf3
Qd6 41. Qf2 Rg4+ 42. Kf1 Ne7 43. Qe2 Rh4 44. Rf2 Qd5 45. Rg2 Rh3 46. Nb4 Rf3+
47. Kg1 Qf5 48. Nd3 Re3 49. Qg4 Qd5 50. Qxg5 Qxe6 51. Qc5+ Kb7 52. Qb4 Kb6 53.
Qxd4+ Kb7 54. Kf1 Qf5+ 55. Qf4 Rf3+ 56. Rf2 Rxf4 57. Rxf4 Qh3+ 58. Kg1 Qe3+ 59.
Rf2 Nf5 60. Kf1 Qh3+ 61. Kg1 Ne3 62. Rf7+ Kc8 63. Rf8+ Kc7 64. Rf7+ Kd8 65. Ne5
Qg2# 0-1

[Event "17. Open de la Constitución 2015"]
[Site "San Sebastian de los Reyes ES"]
[Date "2015.12.03"]
[Round "4.16"]
[White "Caceres San Martin, Daniel"]
[Black "Stefanescu, Iulian"]
[Result "0-1"]
[WhiteElo "1043"]
[BlackElo "1652"]
[PlyCount "70"]
[EventDate "2015.11.30"]
[EventType "swiss"]
[EventRounds "9"]
[EventCountry "ESP"]
[Source "lmi"]
[SourceDate "2015.11.30"]

1. e4 d5 2. f3 c6 3. d4 g6 4. Nc3 Bg7 5. Bg5 Nd7 6. exd5 cxd5 7. Nxd5 Qa5+ 8.
Nc3 Qxg5 9. Bb5 Qxg2 10. Bf1 Qxh1 11. Nge2 Qxf3 12. Nb5 Qc6 13. Nec3 Ngf6 14.
d5 Qb6 15. Na4 Qa5+ 16. c3 O-O 17. d6 exd6 18. Nxd6 Qe5+ 19. Be2 Qxh2 20. Bf3
Qg1+ 21. Kd2 Qxd1+ 22. Rxd1 Ne5 23. Rf1 Nxf3+ 24. Rxf3 Rd8 25. Rd3 b6 26. Kc2
Bf5 27. Nxf5 Rxd3 28. Kxd3 gxf5 29. b4 Re8 30. c4 Ne4 31. c5 bxc5 32. bxc5 Rc8
33. Kc4 Bf8 34. Kd5 Bxc5 35. Nxc5 Rxc5+ 0-1

[Event "17. Open de la Constitución 2015"]
[Site "San Sebastian de los Reyes ES"]
[Date "2015.12.03"]
[Round "4.18"]
[White "Alfaya Martinez, Enrique"]
[Black "Llamas Martinez, Pablo"]
[Result "1-0"]
[WhiteElo "1586"]
[BlackElo "1422"]
[PlyCount "55"]
[EventDate "2015.11.30"]
[EventType "swiss"]
[EventRounds "9"]
[EventCountry "ESP"]
[Source "lmi"]
[SourceDate "2015.11.30"]

1. d4 Nf6 2. c4 d6 3. Nc3 g6 4. e4 Bg7 5. Nf3 O-O 6. Bg5 e6 7. Be2 c5 8. e5
dxe5 9. dxe5 Qxd1+ 10. Rxd1 Ng4 11. Be7 Re8 12. Bxc5 Nxe5 13. O-O Nbc6 14. Nb5
Rd8 15. Rxd8+ Nxd8 16. Nc7 Rb8 17. Bxa7 Ndc6 18. Bxb8 Nxb8 19. Rd1 Nbc6 20. b4
Bd7 21. b5 Nb4 22. Nxe5 Bxe5 23. Rxd7 Nxa2 24. b6 Nc3 25. Bf3 Na4 26. Na8 Nc5
27. Rd8+ Kg7 28. Rc8 1-0

[Event "17. Open de la Constitución 2015"]
[Site "San Sebastian de los Reyes ES"]
[Date "2015.12.03"]
[Round "4.20"]
[White "Alameda Arellano, Cristeto"]
[Black "Martin Rodriguez, Jose Luis"]
[Result "1-0"]
[WhiteElo "1545"]
[BlackElo "1379"]
[PlyCount "131"]
[EventDate "2015.11.30"]
[EventType "swiss"]
[EventRounds "9"]
[EventCountry "ESP"]
[Source "lmi"]
[SourceDate "2015.11.30"]

1. d4 Nf6 2. c4 e6 3. Nc3 Bb4 4. e3 O-O 5. Bd3 c5 6. Nf3 d5 7. O-O dxc4 8. Bxc4
cxd4 9. exd4 Nc6 10. Bg5 Be7 11. Re1 Re8 12. Rc1 Bd7 13. Bb3 Na5 14. Bc2 Bb4
15. Qd3 g6 16. Ne4 Be7 17. Ne5 Nxe4 18. Bxe7 Rxe7 19. Qxe4 Bc6 20. Nxc6 Nxc6
21. Rcd1 Rd7 22. Ba4 Rxd4 23. Rxd4 Qxd4 24. Bxc6 Qd2 25. Bxb7 Rb8 26. Rb1 Rd8
27. g3 Rd4 28. Qe1 Qxe1+ 29. Rxe1 Rb4 30. Bc6 Rxb2 31. a4 Rc2 32. Bb5 Rb2 33.
Rd1 Rb4 34. Rd7 a6 35. Bc6 Rc4 36. Rd6 Kf8 37. a5 Rc5 38. Bb7 Rxa5 39. Rxa6
Rxa6 40. Bxa6 Ke7 41. Kg2 Kf6 42. f4 e5 43. Kf3 exf4 44. Kxf4 h6 45. Bc8 h5 46.
h4 Kg7 47. Bd7 Kf6 48. Ke4 g5 49. hxg5+ Kxg5 50. Bh3 f6 51. Bf5 h4 52. g4 h3
53. Kf3 Kh4 54. Kf2 h2 55. Kg2 h1=Q+ 56. Kxh1 Kh3 57. Kg1 Kg3 58. Kf1 Kf3 59.
Ke1 Ke3 60. Kd1 Kf4 61. Ke2 Ke5 62. Kf3 Kd5 63. Kg3 Ke5 64. Kh4 Kd6 65. Kh5 Ke7
66. Kg6 1-0

[Event "17. Open de la Constitución 2015"]
[Site "San Sebastian de los Reyes ES"]
[Date "2015.12.04"]
[Round "5.1"]
[White "Hernando Pertierra, Jose C"]
[Black "Perez Mitjans, Orelvis"]
[Result "1/2-1/2"]
[WhiteElo "2374"]
[BlackElo "2478"]
[PlyCount "35"]
[EventDate "2015.11.30"]
[EventType "swiss"]
[EventRounds "9"]
[EventCountry "ESP"]
[Source "lmi"]
[SourceDate "2015.11.30"]

1. d4 Nf6 2. Nf3 g6 3. g3 Bg7 4. Bg2 O-O 5. O-O d6 6. Nc3 Na6 7. e4 c6 8. Bg5
h6 9. Bxf6 Bxf6 10. Qd2 Bg7 11. Nd1 c5 12. c3 Qa5 13. Ne3 Be6 14. Rfe1 Rab8 15.
d5 Bc8 16. e5 dxe5 17. Nxe5 Rd8 18. f4 1/2-1/2

[Event "17. Open de la Constitución 2015"]
[Site "San Sebastian de los Reyes ES"]
[Date "2015.12.04"]
[Round "5.2"]
[White "Quevedo Marin, Manuel"]
[Black "Soares, Erikson Roberto Mau"]
[Result "1/2-1/2"]
[WhiteElo "2204"]
[BlackElo "2226"]
[PlyCount "50"]
[EventDate "2015.11.30"]
[EventType "swiss"]
[EventRounds "9"]
[EventCountry "ESP"]
[Source "lmi"]
[SourceDate "2015.11.30"]

1. d4 d5 2. c4 e6 3. Nf3 Nf6 4. Nc3 c6 5. g3 Nbd7 6. Bg2 dxc4 7. O-O Bb4 8. Qc2
O-O 9. e4 e5 10. dxe5 Ng4 11. a3 Ba5 12. Bg5 Qe8 13. Qa4 Bxc3 14. bxc3 Ndxe5
15. Nd4 f6 16. Bf4 b5 17. Qd1 c5 18. Nc2 Bb7 19. h3 Rd8 20. Qe2 Nh6 21. a4 a6
22. axb5 axb5 23. Ra7 Rf7 24. Bxh6 gxh6 25. Raa1 Rfd7 1/2-1/2

[Event "17. Open de la Constitución 2015"]
[Site "San Sebastian de los Reyes ES"]
[Date "2015.12.04"]
[Round "5.3"]
[White "Vukotic Jovsic, Dragan"]
[Black "Roa Alonso, Santiago"]
[Result "0-1"]
[WhiteElo "1943"]
[BlackElo "2380"]
[PlyCount "34"]
[EventDate "2015.11.30"]
[EventType "swiss"]
[EventRounds "9"]
[EventCountry "ESP"]
[Source "lmi"]
[SourceDate "2015.11.30"]

1. d4 Nf6 2. Bf4 g6 3. Nf3 Bg7 4. e3 d6 5. Be2 O-O 6. O-O c5 7. c3 b6 8. h3 Ba6
9. Nbd2 Qc8 10. a4 Bxe2 11. Qxe2 Nc6 12. Rfb1 Qb7 13. Nb3 Rfc8 14. a5 bxa5 15.
Nxa5 Nxa5 16. Rxa5 Nd5 17. Bg3 Nxc3 0-1

[Event "17. Open de la Constitución 2015"]
[Site "San Sebastian de los Reyes ES"]
[Date "2015.12.04"]
[Round "5.4"]
[White "Alfaya Marcelo, Roberto"]
[Black "Perez Cameselle, Francisco"]
[Result "1-0"]
[WhiteElo "2107"]
[BlackElo "1904"]
[PlyCount "79"]
[EventDate "2015.11.30"]
[EventType "swiss"]
[EventRounds "9"]
[EventCountry "ESP"]
[Source "lmi"]
[SourceDate "2015.11.30"]

1. d4 Nf6 2. c4 c5 3. Nf3 g6 4. Nc3 Bg7 5. e4 cxd4 6. Nxd4 Nc6 7. Be3 O-O 8.
Be2 d6 9. O-O Bd7 10. Qd2 a6 11. f3 Rc8 12. Rfd1 Ne5 13. b3 Re8 14. Rac1 Qa5
15. Bf1 Rc7 16. Qf2 Rcc8 17. Bd2 Qc5 18. Nc2 Qxf2+ 19. Kxf2 Kf8 20. Nb4 Be6 21.
Be3 a5 22. Nbd5 Bxd5 23. Nxd5 Nxd5 24. cxd5 Ra8 25. Rc7 Reb8 26. Bb5 h6 27. h3
g5 28. g3 Ng6 29. f4 gxf4 30. gxf4 h5 31. Rdc1 Bh6 32. Kf3 f5 33. exf5 Nh4+ 34.
Ke4 Bg7 35. a4 Kf7 36. Bd7 Bf6 37. Rg1 Rh8 38. Rxb7 Bg7 39. Bf2 Bf6 40. Rg3 {
Tiempo.} 1-0

[Event "17. Open de la Constitución 2015"]
[Site "San Sebastian de los Reyes ES"]
[Date "2015.12.04"]
[Round "5.5"]
[White "Camarero Izquierdo, Juan Carlos"]
[Black "Lopez de Turiso, Jose Angel"]
[Result "0-1"]
[WhiteElo "1825"]
[BlackElo "2034"]
[PlyCount "29"]
[EventDate "2015.11.30"]
[EventType "swiss"]
[EventRounds "9"]
[EventCountry "ESP"]
[Source "lmi"]
[SourceDate "2015.11.30"]

1. d4 Nf6 2. Nc3 c5 3. d5 d6 4. Bg5 e6 5. e4 a6 6. f4 Be7 7. Bxf6 Bxf6 8. Qd3
b5 9. dxe6 fxe6 10. e5 dxe5 11. Qe4 Ra7 12. fxe5 Bb7 13. Qg4 Bh4+ 14. Ke2 O-O
15. Nf3 0-1

[Event "17. Open de la Constitución 2015"]
[Site "San Sebastian de los Reyes ES"]
[Date "2015.12.04"]
[Round "5.6"]
[White "Marcos Herrero, Francisco"]
[Black "Marin Aso, Jose Luis"]
[Result "1-0"]
[WhiteElo "1992"]
[BlackElo "1775"]
[PlyCount "95"]
[EventDate "2015.11.30"]
[EventType "swiss"]
[EventRounds "9"]
[EventCountry "ESP"]
[Source "lmi"]
[SourceDate "2015.11.30"]

1. Nf3 Nf6 2. c4 g6 3. b4 Bg7 4. Bb2 O-O 5. g3 d6 6. Bg2 e5 7. O-O e4 8. Nd4
Na6 9. b5 Nc5 10. Nc3 Re8 11. f3 exf3 12. Nxf3 Ng4 13. Na4 Nxa4 14. Bxg7 Kxg7
15. Qxa4 Rxe2 16. Qb3 c6 17. bxc6 bxc6 18. Nd4 Rxg2+ 19. Kxg2 Ne5 20. Nf3 Be6
21. Nxe5 dxe5 22. Qc3 Qg5 23. Rae1 Rd8 24. Rxe5 Qxd2+ 25. Qxd2 Rxd2+ 26. Rf2
Rd4 27. Ra5 Rxc4 28. Rxa7 Rc1 29. Kf3 c5 30. Ke3 Ra1 31. Kd3 c4+ 32. Kc3 Rb1
33. Re2 Kf6 34. Ra6 Rc1+ 35. Kb2 Rd1 36. a4 Rd3 37. a5 Rb3+ 38. Ka2 Rb5 39. Rb2
Re5 40. Ka3 Re3+ 41. Kb4 Ke5 42. Ra8 Kd6 43. a6 Kc7 44. Kc5 Re5+ 45. Kb4 Re3
46. Re8 Kb6 47. Ka4+ Kc5 48. Rb5+ 1-0

[Event "17. Open de la Constitución 2015"]
[Site "San Sebastian de los Reyes ES"]
[Date "2015.12.04"]
[Round "5.7"]
[White "Anton Quevedo, Andrea"]
[Black "Largo Barbero, Benito"]
[Result "1-0"]
[WhiteElo "1810"]
[BlackElo "1954"]
[PlyCount "55"]
[EventDate "2015.11.30"]
[EventType "swiss"]
[EventRounds "9"]
[EventCountry "ESP"]
[Source "lmi"]
[SourceDate "2015.11.30"]

1. e4 Nf6 2. Nc3 d6 3. d4 g6 4. Nf3 Bg7 5. Bf4 c6 6. Bc4 Qa5 7. O-O O-O 8. h3
Nbd7 9. Bb3 Nh5 10. Be3 a6 11. Qe2 e5 12. dxe5 dxe5 13. Qc4 h6 14. Rad1 Kh7 15.
Rd2 f5 16. exf5 gxf5 17. Qh4 Ndf6 18. Na4 Qc7 19. Bc5 e4 20. Bxf8 exf3 21. Bxg7
Qxg7 22. g3 f4 23. Kh2 Ne4 24. Rd8 Nxf2 25. g4 Bxg4 26. Rxa8 Bxh3 27. Rxf2 b5
28. Qxh3 1-0

[Event "17. Open de la Constitución 2015"]
[Site "San Sebastian de los Reyes ES"]
[Date "2015.12.04"]
[Round "5.8"]
[White "Sirera Ripoll, Jose Luis"]
[Black "Lozano Suarez, Luis Miguel"]
[Result "0-1"]
[WhiteElo "1769"]
[BlackElo "2136"]
[PlyCount "82"]
[EventDate "2015.11.30"]
[EventType "swiss"]
[EventRounds "9"]
[EventCountry "ESP"]
[Source "lmi"]
[SourceDate "2015.11.30"]

1. e4 d5 2. exd5 Qxd5 3. Nf3 Nf6 4. d4 Bg4 5. Be2 c6 6. h3 Bh5 7. O-O e6 8. c4
Qd8 9. Nc3 Be7 10. Be3 O-O 11. g4 Bg6 12. Ne5 Nfd7 13. Nxg6 hxg6 14. f4 Nf6 15.
g5 Ne8 16. Bd3 Nd6 17. Qf3 Na6 18. a3 Nc7 19. h4 Qd7 20. h5 Nf5 21. hxg6 fxg6
22. Bxf5 Rxf5 23. Qe4 Ne8 24. Rad1 Nd6 25. Qd3 b6 26. Ne2 Qe8 27. b4 Rd8 28.
Rde1 Rf8 29. Kg2 Nf5 30. Ng1 c5 31. bxc5 Qc6+ 32. Nf3 bxc5 33. Kh3 cxd4 34.
Bxd4 Bc5 35. Re4 Rd6 36. Ne5 Qa8 37. Nf3 Rfd8 38. Rd1 Bxd4 39. Nxd4 Rxd4 40.
Rxd4 Rxd4 41. Qc2 Qf3+ 0-1

[Event "17. Open de la Constitución 2015"]
[Site "San Sebastian de los Reyes ES"]
[Date "2015.12.04"]
[Round "5.10"]
[White "Hernandez Ramos, David"]
[Black "Asins Martin, Jose"]
[Result "1-0"]
[WhiteElo "1886"]
[BlackElo "1250"]
[PlyCount "55"]
[EventDate "2015.11.30"]
[EventType "swiss"]
[EventRounds "9"]
[EventCountry "ESP"]
[Source "lmi"]
[SourceDate "2015.11.30"]

1. d4 g6 2. c4 Bg7 3. Nc3 d6 4. g3 a6 5. Bg2 e5 6. Nf3 Nd7 7. O-O Ngf6 8. dxe5
dxe5 9. Bg5 O-O 10. Qc1 Qe8 11. Bh6 Ng4 12. Bxg7 Kxg7 13. Nd5 Qd8 14. Rd1 c6
15. Ne3 Nxe3 16. Qxe3 Qe7 17. Rd2 f5 18. Rad1 f4 19. gxf4 Rxf4 20. Rxd7 Bxd7
21. Nxe5 Qh4 22. Rxd7+ Kg8 23. Rxb7 Raf8 24. Qg3 Qf6 25. Nd7 Qh4 26. Nxf8 Kxf8
27. Qxh4 Rxh4 28. b3 1-0